000 00604nam a2200241Ia 4500
003 OSt
005 20221007101415.0
006 a|||||r|||| 00| 0
007 ta
008 221006b |||||||| |||| 00| 0 eng d
024 _a6,399
037 _cTextual
040 _aLCO
_cLCO
_beng
041 _2eng
_aeng
082 _aZw2,M, L3
100 _aKhosla G.D.
245 0 _aMemories and Opinions
260 _aDelhi
_bResearch India
_c1973
300 _a146
650 _aMEMORIES AND OPINIONS
_9702947
942 _hZw2,M, L3
_cTEXL
999 _c1175962
_d1175962